000 00598nam a2200169Ia 4500
008 090201s9999 xx 000 0 und d
010 _aKPL-29115
040 _bमराठी
041 _aमराठी
082 _a31571
_b29115
100 _aन. चि. केळकर
245 _aसंगीत कृष्णार्जुन युध्द
_cन. चि. केळकर
260 _c2004
_bबलवंत पुस्तक भांडार
300 _a94
_bमोठा
600 _aसंगीत कृष्णार्जुन युध्द
942 _cBOOK
999 _c230020
_d230020